00404nam a2200157Ia 45000010006000000050017000060080041000230410008000640820023000721000025000952450073001202600009001933000028002026500008002306540008002381860520260306171643.0260306s9999||||xx |||||||||||||| ||und|| aESP a658.4092bF54 2000 aFischman, DavideAUT 0aEl camino del líder:bhistorias ancestrales y vivencias personales c2000 a187 páginas :c21 cm. aGEN aCAN